|
|
|
|
| LEADER |
00000nab a2200000 a 4500 |
| 001 |
vtls000802625 |
| 003 |
SK-MaSNL |
| 005 |
20260318114725.0 |
| 008 |
160405c2002 xo 0 hun |
| 015 |
|
|
|a SNBRB2002/08-24453
|
| 035 |
|
|
|a CLN000154280
|
| 040 |
|
|
|a SNKBUCL
|b slo
|c SNKBUCL
|e AACR2
|
| 041 |
0 |
|
|a hun
|
| 044 |
|
|
|a xo
|c SK
|
| 080 |
|
|
|a 796.88(437.6)
|2 1997
|
| 100 |
1 |
|
|a Szerető, Róbert
|4 aut
|9 1615664
|
| 245 |
1 |
0 |
|a Birkózók fényben, árnyékban
|c Szerető Róbert
|
| 300 |
|
|
|b Fotogr.
|
| 650 |
0 |
7 |
|a vzpieranie
|2 snkbucl
|9 3253
|
| 651 |
|
7 |
|a Komárno (Slovensko : okres)
|2 snkbucl
|9 15954
|
| 651 |
|
7 |
|a Komárno (Slovensko)
|2 snkbucl
|9 39168
|
| 655 |
|
7 |
|a články z novín a časopisov
|2 snkbucl
|9 267496
|
| 773 |
0 |
|
|t Vasárnap
|g Roč. 35, č. 30 (2002), s. 38-39
|
| 850 |
|
|
|a Slovenská národná knižnica v Martine
|
| 852 |
|
|
|a SNK
|b KIS3GCP
|
| 958 |
|
|
|a HU
|
| 958 |
|
|
|a SK
|
| 958 |
|
|
|a RBX
|
| 999 |
|
|
|c 3328895
|d 3330825
|